000
00488nam a2200145Ia 4500
008
100204s9999 xx 000 0 und d
082
_b
26257
100
_a
अष्टीकर मंदाकिनी
245
_a
एक आस एक ध्यास
260
_b
"निशिगंधा प्रकाशन , पुणे"
_c
2004
300
_a
304
630
_a
एक आस एक ध्यास
730
_a
एक आस एक ध्यास
942
_c
BOOK
999
_c
471437
_d
471434